Top 10 least populated European countries - Statistics

General Stats
  • This quiz has been taken 43 times
  • The average score is 9 of 10
Answer Stats
Population Country % Correct
800 Vatican City
100%
600 000 Luxembourg
98%
38 000 Monaco
98%
39 000 Liechtenstein
95%
33 000 San Marino
95%
77 000 Andorra
93%
500 000 Malta
90%
360 000 Iceland
86%
620 000 Montenegro
76%
1.3M Estonia
64%
No matching quizzes found
Score Distribution
Percent of People with Each Score
Percentile by Number Answered
Your Score History
You have not taken this quiz